| 000 | 01572nam0a2200313 4500 | ||
|---|---|---|---|
| 001 | RU\NLR\bibl\964684 | ||
| 005 | 20260405110547.0 | ||
| 021 |
_aRU _b2006-31778 _91586 |
||
| 035 | _a(NLR Aleph) 000952693 | ||
| 090 |
_a289738 _c289738 |
||
| 100 | _a20060704d2006 |||y0rusy50 ca | ||
| 101 | 0 | _arus | |
| 102 | _aRU | ||
| 105 | _ay ||||||||| | ||
| 200 | 1 |
_aИнформационные технологии в управлении _eучебное пособие _eдля студентов экономических специальностей _fЕ.С. Петрова, М.Ю. Соколова, Н.В. Аникина _gМордов. гос. ун-т им. Н.П. Огарева |
|
| 210 |
_aСаранск _cИзд-во СВМО _d2006 |
||
| 215 |
_a116 с. _d20 |
||
| 320 | _aБиблиогр.: с. 115 (19 назв.) | ||
| 606 | 1 |
_aУправление _jУчебные издания для высших учебных заведений _xИнформационные технологии _92139273 _3RU\NLR\auth\661289603 |
|
| 686 | _aУ21(2)030.2я73 | ||
| 700 | 1 |
_4070 _8rus _7ca _aПетрова _bЕ. С. _cканд. экон. наук _gЕлена Сергеевна _3RU\NLR\auth\7737281 _920270 |
|
| 701 | 1 |
_4070 _8rus _7ca _aСоколова _bМ. Ю. _cпрограммист _gМарина Юрьевна _3RU\NLR\auth\7741709 _924657 |
|
| 701 | 1 |
_aАникина _bН. В. _gНаталья Васильевна _4070 |
|
| 801 | 0 |
_aRU _bNLR _c20060704 _grcr |
|
| 801 | 1 |
_aRU _bNLR _c20060704 |
|
| 830 | _aавт. по кн. | ||
| 942 | _cBOOK | ||
| 980 | _aNB | ||